Movies Where The Main Character Is An Animal - Sudden Death - Statistics

General Stats
  • This quiz has been taken 120 times
  • The average score is 9 of 10
Answers on the Grid
Answers color-coded by a green-red scale on the quiz's grid according to % correct below.
Charlotte's Web
Alpha and Omega
Tarzan
Incredibles
Toy Story
Stuart Little
Puss In Boots
101 Dalmations
Coraline
Hercules
Ice Age
Mulan
Batman
Ratatouille
James And The Giant Peach
Zootopia
CoCo
Aristocats
A Bug's Life
Pinocchio
 
Answer Stats
Answer % Correct
Ice Age
95%
Ratatouille
91%
A Bug's Life
89%
Puss In Boots
89%
101 Dalmations
88%
Stuart Little
88%
Aristocats
87%
Zootopia
87%
Charlotte's Web
82%
Alpha and Omega
64%
No matching quizzes found
Score Distribution
Percent of People with Each Score
Percentile by Number Answered
Your Score History
You have not taken this quiz